Lyrics - Beatles - When I'm Sixty-Four - Statistics

General Stats
  • This quiz has been taken 624 times
  • The average score is 138 of 192
Answer Stats
Answer % Correct
I
100%
When
100%
when
100%
you
96%
me
95%
will
95%
a
94%
get
94%
sixty-four
94%
still
94%
I'm
93%
my
93%
older
93%
from
92%
years
92%
many
91%
now
91%
need
90%
hair
89%
of
89%
be
88%
losing
88%
feed
86%
the
84%
wine
84%
bottle
83%
to
82%
Send
81%
valentine
81%
and
80%
in
80%
birthday
77%
if
75%
sending
75%
your
73%
greetings
71%
too
71%
we
69%
you'll
69%
for
68%
on
68%
door
67%
go
66%
lock
65%
would
64%
say
63%
stay
62%
three
62%
with
61%
could
60%
postcard
60%
quarter
60%
knee
59%
grandchildren
58%
out
57%
word
57%
Chuck
56%
can
55%
Dave
55%
line
54%
Vera
54%
not
53%
till
52%
drop
51%
it's
50%
point
50%
view
49%
gone
48%
have
48%
Isle
48%
ride
48%
mending
47%
what
47%
away
46%
lights
46%
more
46%
stating
46%
fuse
45%
handy
45%
Sunday
45%
by
44%
dear
44%
wasting
44%
ask
43%
fireside
41%
mean
41%
shall
41%
sincerely
41%
who
41%
cottage
40%
been
39%
rent
38%
Wight
38%
yours
38%
I'd
37%
garden
36%
indicate
36%
precisely
36%
save
36%
sweater
36%
knit
35%
mine
35%
every
34%
give
34%
mornings
33%
summer
32%
scrimp
30%
weeds
30%
answer
29%
evermore
29%
digging
28%
doing
27%
fill
26%
form
26%
No matching quizzes found
Score Distribution
Percent of People with Each Score
Percentile by Number Answered
Your Score History
You have not taken this quiz